| 000 | 01430nam a22003615a 4500 | ||
|---|---|---|---|
| 003 | EG-ScBUE | ||
| 005 | 20211205111048.0 | ||
| 008 | 170720s2002 le o f b 000 p ara d | ||
| 020 | _a9953441006 | ||
| 020 | _a9236038573 (UNESCO) | ||
| 040 |
_aEG-ScBUE _bara _erda _cEG-ScBUE _dEG-ScBUE |
||
| 041 | 1 |
_aara _hita |
|
| 082 | 0 | 4 |
_a851.1 _bأ ل غ _222 |
| 100 | 1 |
_aألغييري، دانتي، _d1265-1321، _eمؤلف. |
|
| 240 | 1 | 0 |
_aDivina commedia. _lArabic |
| 245 | 1 | 2 |
_aالكوميديا الإلهية / _cدانتي ألغييري ؛ نقلها إلى العربية وقدم لها وأعد حواشيها كاظم جهاد. |
| 250 | _aالطبعة الأولى. | ||
| 264 | 1 |
_aبيروت : _bالمؤسسة العربية للدراسات والنشر، _c2002. |
|
| 300 |
_a1036 صفحة : _bصور ؛ _c24 سم. |
||
| 336 |
_2rdacontent _aنص _btxt |
||
| 337 |
_2rdamedia _aبدون وسيط _bn |
||
| 338 |
_2rdacarrier _aمجلد _bnc |
||
| 490 | 0 | _aروائع الأدب العالمي | |
| 504 | _aيشتمل على إرجاعات ببليوجرافية. | ||
| 546 | _aالنص باللغة العربية ؛ مترجم من اللغة الإيطالية. | ||
| 590 | _aWessam | ||
| 650 | 7 |
_aالشعر الإيطالي. _2BUEsh _934630 |
|
| 651 | _2BUEsh | ||
| 653 |
_bGGEN _cJuly2017 |
||
| 655 |
_vReading book _934232 |
||
| 700 | 1 |
_aجهاد، كاظم، _eمترجم، _eمقدم. |
|
| 942 | _2ddc | ||
| 999 |
_c25061 _d25033 |
||